Personality and transcendental meditation/ (Record no. 34186)

000 -LEADER
fixed length control field 00367nam a22001451a 4500
020 ## - INTERNATIONAL STANDARD BOOK NUMBER
ISBN 9788185287195
082 ## - DEWEY DECIMAL CLASSIFICATION NUMBER
Classification number 158.12
Item number GAU P
100 ## - MAIN ENTRY--AUTHOR NAME
Personal name Gaur B P
245 ## - TITLE STATEMENT
Title Personality and transcendental meditation/
Statement of responsibility, etc by Gaur B P
260 ## - PUBLICATION, DISTRIBUTION, ETC. (IMPRINT)
Place of publication New Delhi:
Name of publisher Jainsons,
Year of publication 1994.
300 ## - PHYSICAL DESCRIPTION
Number of Pages 191p.
650 ## - SUBJECT ADDED ENTRY--TOPICAL TERM
Topical Term Transcendental Meditation
650 ## - SUBJECT ADDED ENTRY--TOPICAL TERM
Topical Term Psychology
942 ## - ADDED ENTRY ELEMENTS (KOHA)
Koha item type Book
Holdings
Withdrawn status Lost status Damaged status Not for loan Permanent Location Current Location Date acquired Cost, normal purchase price Full call number Accession Number Cost, replacement price Price effective from Koha item type
        Sree Sankaracharya University of Sanskrit Sree Sankaracharya University of Sanskrit 08.01.2015 220.00 158.12 GAU P 020424 0.00 08.01.2015 Book